LEADER 01083cam0-22003611i-450- 001 990006267550403321 005 20131016095533.0 010 $a88-14-05526-2 035 $a000626755 035 $aFED01000626755 035 $a(Aleph)000626755FED01 035 $a000626755 100 $a20000112d1996----km-y0itay50------ba 101 0 $aita 102 $aIT 105 $ay---n---101yy 200 1 $aIVA 1996$eanalisi di alcune significative fattispecie giuridiche$eatti del Seminario di studi, Bergamo 10 maggio 1993$fa cura di Claudio Sacchetto 210 $aMilano$cGiuffrè$d1996 215 $aXII, 226 p.$d24 cm 225 1 $aUniversità degli studi di Bergamo. Dipartimento di scienze giuridiche 676 $a343.055$v20$zita 702 1$aSacchetto,$bClaudio 801 0$aIT$bUNINA$gRICA$2UNIMARC 901 $aBK 912 $a990006267550403321 952 $aDT V/82$b15419$fDEC 952 $aUNIVERSITÀ 509 (4)$b30229*$fFGBC 952 $aH 1262$bs.i.$fDSS 959 $aDEC 959 $aFGBC 959 $aDSS 996 $aIVA 1996$9415462 997 $aUNINA LEADER 01427nam--2200397---450- 001 990003447510203316 005 20100930113503.0 010 $a88-243-1931-9 035 $a000344751 035 $aUSA01000344751 035 $a(ALEPH)000344751USA01 035 $a000344751 100 $a20100930d2010----km-y0itay50------ba 101 $aita 102 $aIT 105 $a||||||||001yy 200 1 $a<> lavoro coordinato e il lavoro a progetto$fMonica Fasano 210 $aNapoli$cJovene$d2010 215 $aXI, 69 p.$d21 cm 225 2 $aQuaderni$fDipartimento di Scienze Giuridiche "Alberico da Rosciate", Facoltà di Giurisprudenza, Università degli Studi di Bergamo$v, 11 410 0$12001$aQuaderni$fDipartimento di Scienze Giuridiche "Alberico da Rosciate", Facoltà di Giurisprudenza, Università degli Studi di Bergamo$v, 11 454 1$12001 461 1$1001-------$12001 606 0 $aContratti di lavoro a termine$xLegislazione$yItalia$2BNCF 676 $a344.4501542 700 1$aFASANO,$bMonica$0608674 801 0$aIT$bsalbc$gISBD 912 $a990003447510203316 951 $aXXV.2.C. 422$b68503 G.$cXXV.2.C.$d00282850 959 $aBK 969 $aGIU 979 $aFIORELLA$b90$c20100930$lUSA01$h1126 979 $aFIORELLA$b90$c20100930$lUSA01$h1128 979 $aFIORELLA$b90$c20100930$lUSA01$h1135 996 $aLavoro coordinato e il lavoro a progetto$91108774 997 $aUNISA